<?xml version="1.0" encoding="UTF-8"?>
<record
    xmlns:xsi="http://www.w3.org/2001/XMLSchema-instance"
    xsi:schemaLocation="http://www.loc.gov/MARC21/slim http://www.loc.gov/standards/marcxml/schema/MARC21slim.xsd"
    xmlns="http://www.loc.gov/MARC21/slim">

  <leader>01252nam a2200253 i 4500</leader>
  <controlfield tag="001">86319</controlfield>
  <controlfield tag="003">ES-MaACL</controlfield>
  <controlfield tag="005">20250821111450.0</controlfield>
  <controlfield tag="007">t|</controlfield>
  <controlfield tag="008">041227s2000    sp           ||||1| spa d</controlfield>
  <datafield tag="080" ind1=" " ind2=" ">
    <subfield code="a">929 Luis (44) IX, Santo</subfield>
  </datafield>
  <datafield tag="080" ind1=" " ind2=" ">
    <subfield code="a">940"10/14"</subfield>
  </datafield>
  <datafield tag="245" ind1="0" ind2="0">
    <subfield code="a">San Luis [</subfield>
    <subfield code="h">Recurso electr&#xF3;nico].</subfield>
  </datafield>
  <datafield tag="260" ind1=" " ind2=" ">
    <subfield code="a">[Madrid] : </subfield>
    <subfield code="b">Dolmen, </subfield>
    <subfield code="c">[2000]</subfield>
  </datafield>
  <datafield tag="300" ind1=" " ind2=" ">
    <subfield code="a">1 disco compacto (CD-ROM) : </subfield>
    <subfield code="b">son., col. ; </subfield>
    <subfield code="c">12 cm.</subfield>
  </datafield>
  <datafield tag="490" ind1="1" ind2=" ">
    <subfield code="a">La historia y sus protagonistas ; </subfield>
    <subfield code="v">5</subfield>
  </datafield>
  <datafield tag="500" ind1=" " ind2=" ">
    <subfield code="a">Requerimientos del sistema: Procesador Pentium 200 MMX o superior, Memoria RAM 32 Mb o m&#xE1;s, Espacio libre en disco duro de 10 Mb o m&#xE1;s, Windows 95 o posterior, Tarjeta gr&#xE1;fica 2 Mb, Lector de CD-ROM 16X o superior, Tarjeta de sonido con capacidad de sonido digitalizado y MIDI.</subfield>
  </datafield>
  <datafield tag="505" ind1="8" ind2=" ">
    <subfield code="a">Contiene: Plenitud Medieval y Baja Edad Media (siglos XI-XV) incluyendo la historia de Europa (Cruzadas, Guerra de los Cien A&#xF1;os, conflictos Iglesia-Imperio, Reconquista Espa&#xF1;ola), de Asia y Africa</subfield>
  </datafield>
  <datafield tag="600" ind1="0" ind2="7">
    <subfield code="a">Luis Felipe </subfield>
    <subfield code="b">I,</subfield>
    <subfield code="c">Rey de Francia-</subfield>
    <subfield code="v">Correspondencia</subfield>
    <subfield code="2"></subfield>
    <subfield code="9">129131</subfield>
  </datafield>
  <datafield tag="651" ind1=" " ind2=" ">
    <subfield code="a">Europa-</subfield>
    <subfield code="x">Historia-</subfield>
    <subfield code="y">0476-1492.</subfield>
    <subfield code="9">160435</subfield>
  </datafield>
  <datafield tag="830" ind1="0" ind2=" ">
    <subfield code="a">La historia y sus protagonistas ; </subfield>
    <subfield code="v">5</subfield>
    <subfield code="9">183979</subfield>
  </datafield>
  <datafield tag="852" ind1=" " ind2=" ">
    <subfield code="a">ES-MaACL</subfield>
    <subfield code="j">ROT 1/4/11</subfield>
  </datafield>
  <datafield tag="999" ind1=" " ind2=" ">
    <subfield code="c">86319</subfield>
    <subfield code="d">86319</subfield>
  </datafield>
  <datafield tag="952" ind1=" " ind2=" ">
    <subfield code="0">0</subfield>
    <subfield code="1">0</subfield>
    <subfield code="4">0</subfield>
    <subfield code="7">0</subfield>
    <subfield code="a">ATENEOM</subfield>
    <subfield code="b">ATENEOM</subfield>
    <subfield code="c">DEPO</subfield>
    <subfield code="d">2008-01-17</subfield>
    <subfield code="e">SC</subfield>
    <subfield code="l">0</subfield>
    <subfield code="o">ROT 1/4/11</subfield>
    <subfield code="p">1090188</subfield>
    <subfield code="r">2023-02-23 00:00:00</subfield>
    <subfield code="w">2023-02-23</subfield>
    <subfield code="y">CDROM</subfield>
  </datafield>
</record>
